Formule 2 - Vainqueurs - Statistiques

Statistiques générales
  • Ce quiz a été pris 493 fois
    15 depuis la dernière actualisation
  • Le résultat moyen est 18 sur 62
Statistiques - réponses
Nb de Victoires Pilote Nationalité Equipes Années de compétition % Correct
7 Charles Leclerc Monégasque Prema 2017
100%
2 Gabriel Bortoleto Brésilien Invicta 2024
91%
4 Alexander Albon Thaïlandais ART, DAMS 2017-2018
82%
2 Nikita Mazepin Russe ART, Hitech 2019-2020
82%
7 George Russell Britannique ART 2018
73%
5 Isack Hadjar Français Hitech, Campos 2023-2024
73%
7 Oliver Bearman Britannique Prema 2023-2024
73%
6 Oscar Piastri Australien Prema 2021
73%
3 Yuki Tsunoda Japonais Carlin 2020
73%
2 Andrea Kimi Antonelli Italien Prema 2024
64%
1 Lando Norris Britannique Campos, Carlin 2017-2018
64%
8 Nyck de Vries Néerlandais Rapax, Racing Engineering, Prema, ART 2017-2019
64%
6 Théo Pourchaire Français HWA, ART 2020-2023
64%
5 Liam Lawson Néo-Zélandais Hitech, Carlin 2021-2022
55%
4 Pepe Marti Espagnol Campos 2024-2025
55%
1 Franco Colapinto Argentin MP 2023-2024
45%
6 Jack Doohan Australien MP, Virtuosi 2021-2023
45%
6 Nicholas Latifi Canadien DAMS 2017-2019
45%
8 Richard Verschoor Néerlandais MP, Charouz, Trident, Van Amersfoort 2021-2025
45%
3 Victor Martins Français ART 2023-2025
45%
2 Anthoine Hubert Français Arden 2019
36%
2 Enzo Fittipaldi Brésilien Charouz, Carlin, Van Amersfoort 2021-2024
36%
9 Felipe Drugovich Brésilien MP, UNI-Virtuosi 2020-2022
36%
5 Guanyu Zhou Chinois UNI-Virtuosi 2019-2021
36%
4 Jack Aitken Britannique ART, Campos, HWA 2018-2021
36%
3 Arvid Lindblad Britannique Campos 2025
27%
5 Dennis Hauger Norvégien Prema, MP 2022-2024
27%
3 Jüri Vips Estonien DAMS, Hitech 2020-2022
27%
3 Mick Schumacher Allemand Prema 2019-2020
27%
1 Nikola Tsolov Bulgare Campos 2025-
27%
2 Zane Maloney Barbadien Trident, Carlin, Rodin 2022-2024
27%
2 Alex Dunne Irlandais Rodin 2025-
18%
1 Dino Beganovic Suédois DAMS, Hitech 2024-
18%
6 Jak Crawford Américain Hitech, DAMS 2023-2025
18%
5 Joshua Dürksen Paraguayen AIX, Invicta 2024-
18%
2 Logan Sargeant Américain HWA, Carlin 2021-2022
18%
5 Nobuharu Matsushita Japonais ART, Carlin, MP 2017, 2019-2020
18%
1 Paul Aron Estonien Trident, Hitech 2023-2024
18%
8 Artem Markelov Russe Russian Time, MP, Arden 2017-2020
9%
2 Christian Lundgaard Danois Trident, ART 2019-2021
9%
7 Frederik Vesti Danois ART, Prema 2022-2023
9%
2 Kush Maini Indien Campos, Invicta, DAMS, ART 2023-
9%
6 Luca Ghiotto Italien Russian Time, Campos, UNI-Virtuosi, Hitech, DAMS 2017-2020, 2022
9%
2 Roman Stanek Tchèque Trident, Invicta 2023-2025
9%
3 Sergio Sette Câmara Brésilien MP, Carlin, DAMS 2017-2019
9%
3 Antonio Fuoco Italien Prema, Charouz 2017-2018
0%
5 Ayumu Iwasa Japonais DAMS 2022-2023
0%
3 Callum Ilott Britannique Trident, Charouz, UNI-Virtuosi 2017, 2019-2020
0%
1 Clément Novalak Français MP, Trident 2021-2023
0%
3 Dan Ticktum Britannique Arden, DAMS, Carlin 2018, 2020-2021
0%
4 Jehan Daruvala Indien Carlin, Prema, MP 2020-2023
0%
4 Leonardo Fornaroli Italien Rodin, Invicta 2024-2025
0%
1 Luke Browning Britannique ART, Hitech 2024-2025
0%
4 Marcus Armstrong Néo-Zélandais ART, DAMS, Hitech 2020-2022
0%
1 Maximilian Günther Allemand Arden 2018
0%
1 Norman Nato Français Arden 2017
0%
2 Oliver Rowland Britannique DAMS 2017
0%
1 Ralph Boschung Suisse Campos, MP, Trident 2017-2023
0%
6 Robert Shwartzman Russe Prema 2020-2021
0%
1 Tadasuke Makino Japonais Russian Time 2018
0%
1 Taylor Barnard Britannique AIX 2024
0%
2 Zak O'Sullivan Britannique ART 2024
0%
Aucun quiz correspondant
Distribution des résultats
% des personnes avec chaque résultat
Percentile par nombre de réponses
Votre historique - résultats
Vous n’avez pas pris ce quiz depuis la dernière actualisation